000 01214nam0a22003011 4500
001 rc\3688049
005 20130115151838.6
021 _aRU
_b[74-79905]
035 _a(NLR Aleph) 007848731
090 _a7775549
_c7775549
100 _a20130115d1974 |||y0rusy50 ca
101 0 _arus
102 _aRU
105 _aa z |||||
200 1 _aКарабатыр
_e[Кабард. нар. сказка
_eДля детей
_fЗапись и обраб. К.Ш. Балкарова и В.Г. Кузьмина
_gВ пересказе В. Кузьмина
_gИл.: Г.С. Паштов
210 _aНальчик
_cЭльбрус
_d1974]
215 _a23 с.
_cил.
_d13
309 _aВложена с 7-ю другими книгами в футляр с загл.: Горские сказки. [8]
517 0 _aГорские сказки
608 _aСказки кабардинские (д. л.)
_2psbo
702 1 _aКузьмин
_bВ. Г.
_gВалентин Григорьевич
_4570
702 1 _aПаштов
_bГ. С.
_4440
702 1 _aБалкаров
_bК. Ш.
_gКлишби Ш.
_4570
801 0 _aRU
_bNLR
_gpsbo
801 1 _aRU
_bELAR
_2rusmarc
852 _aNLR
_j74-1/253-8
942 _cBOOK
980 _aNB